[Event "DEM U18w 2010"]
[Site "Oberhof GER"]
[Date "2010.05.25"]
[Round "5"]
[White "Blübaum, Johanna"]
[Black "Nguyen Minh, Thuy"]
[Result "1/2-1/2"]
[Termination "normal"]
[Board "2"]
[WhiteElo "1988"]
[BlackElo "1895"]
[PlyCount "154"]
[WhiteFideId "24647373"]
[BlackFideId "24672688"]
[EventCountry "GER"]
[EventRounds "9"]
[EventType "swiss"]
[EventDate "2010.05.22"]

1. d4 Nf6 2. c4 e6 3. Nc3 Bb4 4. e3 b6 5. Nf3 Ne4 6. Qc2 Bb7 7. Bd3 f5 8. a3
Bxc3+ 9. bxc3 O-O 10. O-O d6 11. Nd2 Nxd2 12. Bxd2 Nd7 13. f3 Qh4 14. e4 f4 15.
Be1 Qh5 16. Qe2 e5 17. g4 fxg3 18. hxg3 Rf6 19. Qh2 Qf7 20. Qe2 Kh8 21. Kg2 Rf8
22. Bd2 Qh5 23. Rf2 Nb8 24. Rh1 Qg6 25. Be3 Qe8 26. c5 Nd7 27. cxd6 cxd6 28.
Rh3 Nb8 29. Qf1 Bc8 30. g4 h6 31. Qh1 Kg8 32. Rg3 Bb7 33. Bc4+ Kh7 34. Qh5 Qxh5
35. gxh5 Rc8 36. Ba2 Rxc3 37. Bd2 Rc7 38. dxe5 dxe5 39. Bb1 Kh8 40. Kf1 Ba6+
41. Ke1 Rfc6 42. Rfg2 Rf6 43. Kf2 Bb5 44. Rg6 Rxg6 45. Rxg6 Rc6 46. f4 Rxg6 47.
hxg6 Nd7 48. Bc3 exf4 49. e5 Nc5 50. Kf3 Ne6 51. Be4 Kg8 52. Bb4 Nc5 53. Kxf4
Nd3+ 54. Bxd3 Bxd3 55. e6 Bxg6 56. Ke5 h5 57. Kd6 h4 58. Kc7 a5 59. Bd6 b5 60.
Kb6 b4 61. axb4 axb4 62. Bxb4 Bf5 63. e7 Kf7 64. Kc6 g5 65. Be1 Kxe7 66. Kd5
Kf6 67. Kd4 Bg4 68. Ke4 Kg6 69. Ke3 Kf5 70. Kf2 Bd1 71. Kg1 Kg4 72. Kg2 Bb3 73.
Bd2 Bd5+ 74. Kh2 Kh5 75. Be1 g4 76. Bf2 Kg5 77. Be1 Bf3 1/2-1/2

[Event "DEM U18w 2010"]
[Site "Oberhof GER"]
[Date "2010.05.25"]
[Round "5"]
[White "Bochis, Julia"]
[Black "Mertens, Pauline"]
[Result "1-0"]
[Termination "normal"]
[Board "3"]
[WhiteElo "2086"]
[BlackElo "1999"]
[PlyCount "127"]
[WhiteFideId "24647276"]
[BlackFideId "24671959"]
[EventCountry "GER"]
[EventRounds "9"]
[EventType "swiss"]
[EventDate "2010.05.22"]

1. e4 c5 2. Ne2 d6 3. g3 Nc6 4. Bg2 g6 5. O-O Bg7 6. c3 e5 7. d4 cxd4 8. cxd4
exd4 9. Na3 Nge7 10. Nb5 a6 11. Nbxd4 Nxd4 12. Nxd4 O-O 13. Re1 Rb8 14. Rb1 b5
15. Bf4 Qd7 16. Qd2 Bb7 17. Nb3 Rbd8 18. Rbd1 Qe6 19. Nc5 Qc8 20. Nxb7 Qxb7 21.
Bxd6 Be5 22. Qb4 Nc6 23. Qc5 Bxd6 24. Rxd6 Rxd6 25. Qxd6 Rd8 26. Qf6 Qd7 27. e5
Nd4 28. h3 Ne6 29. Bf3 Qd2 30. Rd1 Qxd1+ 31. Bxd1 Rxd1+ 32. Kg2 Rd2 33. Qf3
Rxb2 34. Qa8+ Kg7 35. Qxa6 b4 36. Qc4 h5 37. Kf3 Kh7 38. Ke3 Kg7 39. f4 Rh2 40.
Kf3 h4 41. Qxb4 Rxa2 42. gxh4 Ra1 43. Qc4 Ra3+ 44. Kg4 Re3 45. h5 gxh5+ 46.
Kxh5 Nxf4+ 47. Qxf4 Rxh3+ 48. Kg4 Rh6 49. Kf5 Rg6 50. Qh4 Re6 51. Qd8 Rg6 52.
Qe7 Rh6 53. Ke4 Rg6 54. Kd5 Rh6 55. Qd6 Rh1 56. Kc6 Ra1 57. Kb6 Rb1+ 58. Kc7
Ra1 59. e6 Rc1+ 60. Kd8 fxe6 61. Qg3+ Kh7 62. Qh4+ Kg6 63. Qg4+ Kh7 64. Qh5+
1-0

[Event "DEM U18w 2010"]
[Site "Oberhof GER"]
[Date "2010.05.25"]
[Round "5"]
[White "Voss, Chantal"]
[Black "Frey, Alisa"]
[Result "0-1"]
[Termination "normal"]
[Board "4"]
[WhiteElo "1879"]
[BlackElo "2049"]
[PlyCount "116"]
[WhiteFideId "4664906"]
[BlackFideId "24634662"]
[EventCountry "GER"]
[EventRounds "9"]
[EventType "swiss"]
[EventDate "2010.05.22"]

1. d4 Nf6 2. c4 g6 3. Nc3 d5 4. cxd5 Nxd5 5. e4 Nxc3 6. bxc3 Bg7 7. Bc4 c5 8.
Ne2 Nc6 9. Be3 O-O 10. O-O Bd7 11. Rb1 Qc7 12. Bf4 Qc8 13. d5 Na5 14. Bd3 e5
15. Be3 f5 16. f4 fxe4 17. Bxe4 Nc4 18. Bc1 Nd6 19. Bc2 e4 20. h3 b6 21. Bb2
Bb5 22. Ba4 Bd3 23. Bc2 Qa6 24. Bxd3 exd3 25. Ng3 c4 26. a4 Nf5 27. Nxf5 Rxf5
28. d6 Rd8 29. Qe1 Qc8 30. Qe7 Rf7 31. Qe3 Rxd6 32. Rbe1 Qc5 33. Qxc5 bxc5 34.
Re4 Rb7 35. Ba3 Bxc3 36. Rxc4 Bd4+ 37. Kh2 Rd5 38. Rd1 Be3 39. Rc3 Bxf4+ 40. g3
Be3 41. Rcxd3 Rxd3 42. Rxd3 Bd4 43. Kg2 Rc7 44. Bc1 Bf6 45. Bd2 c4 46. Rf3 Kg7
47. Kf2 c3 48. Bc1 Rb7 49. Ke2 Rb1 50. Kd1 Ra1 51. Kc2 Rxa4 52. Kb3 Ra6 53. Rd3
Rb6+ 54. Kc2 Rb7 55. Rf3 a5 56. Rd3 a4 57. Rd5 Ra7 58. Ba3 Be7 0-1

[Event "DEM U18w 2010"]
[Site "Oberhof GER"]
[Date "2010.05.25"]
[Round "5"]
[White "Stitterich, Nadine"]
[Black "Müller, Anna-Louise"]
[Result "1-0"]
[Termination "normal"]
[Board "5"]
[WhiteElo "1974"]
[BlackElo "1627"]
[PlyCount "53"]
[WhiteFideId "24676527"]
[BlackFideId "4633512"]
[EventCountry "GER"]
[EventRounds "9"]
[EventType "swiss"]
[EventDate "2010.05.22"]

1. e4 c5 2. Nf3 d6 3. d4 cxd4 4. Nxd4 Nf6 5. Nc3 g6 6. Be3 Bg7 7. f3 O-O 8. Qd2
Nc6 9. O-O-O d5 10. exd5 Nxd5 11. Nxc6 bxc6 12. Bd4 Be6 13. Bxg7 Kxg7 14. Bc4
Qc7 15. Bxd5 Rad8 16. Qd4+ Kg8 17. Qc4 Bxd5 18. Rxd5 Rxd5 19. Nxd5 Qb7 20. Nc3
Qb6 21. Rd1 Rb8 22. b3 Qe3+ 23. Kb2 Qb6 24. Ne4 Qc7 25. g3 Qe5+ 26. Qc3 Qe6 27.
Nc5 1-0

[Event "DEM U18w 2010"]
[Site "Oberhof GER"]
[Date "2010.05.25"]
[Round "5"]
[White "Erofeev, Anastasia"]
[Black "Mijatovic, Andrea"]
[Result "0-1"]
[Termination "normal"]
[Board "6"]
[WhiteElo "1624"]
[BlackElo "1864"]
[PlyCount "122"]
[WhiteFideId "12917915"]
[BlackFideId "14514524"]
[EventCountry "GER"]
[EventRounds "9"]
[EventType "swiss"]
[EventDate "2010.05.22"]

1. e4 c5 2. Nc3 Nc6 3. f4 d6 4. Nf3 e6 5. Bb5 Bd7 6. d3 Nge7 7. O-O g6 8. Ne2
Bg7 9. Ng3 a6 10. Bxc6 Bxc6 11. Rb1 O-O 12. Kh1 f5 13. Be3 b6 14. Qd2 fxe4 15.
dxe4 d5 16. Ng5 Qd7 17. c3 h6 18. Nf3 Qb7 19. Ne5 dxe4 20. Nxc6 Qxc6 21. Qc2
Nf5 22. Qf2 Rad8 23. Rbd1 Rd3 24. Rde1 Rfd8 25. Re2 Nxe3 26. Rxe3 Rd2 27. Re2
Qd5 28. a3 Qd3 29. Rfe1 Rxe2 30. Rxe2 Qb1+ 31. Re1 Rd1 32. Rxd1 Qxd1+ 33. Qf1
Qc2 34. Qe2 Qb1+ 35. Nf1 Qd3 36. Qxd3 exd3 37. Kg1 e5 38. fxe5 Bxe5 39. g3 Bf6
40. Kf2 c4 41. Ne3 b5 42. Nd1 Bg5 43. Kf3 Kf7 44. h4 Bc1 45. Ke4 Ke6 46. g4 Kd6
47. Kd4 h5 48. gxh5 gxh5 49. a4 bxa4 50. Kxc4 Bxb2 51. Kxd3 a3 52. Kc2 Ke6 53.
Kb3 Bc1 54. Nf2 Kf5 55. c4 Be3 56. Nd1 Bc5 57. Nc3 Bf2 58. Kxa3 Bxh4 59. Nd5
Be1 60. Ne3+ Ke4 61. Nd5 h4 0-1

[Event "DEM U18w 2010"]
[Site "Oberhof GER"]
[Date "2010.05.25"]
[Round "5"]
[White "Kirst, Julia"]
[Black "Kölbl, Ines"]
[Result "1-0"]
[Termination "normal"]
[Board "7"]
[WhiteElo "1712"]
[BlackElo "1855"]
[PlyCount "65"]
[WhiteFideId "12914258"]
[BlackFideId "24697052"]
[EventCountry "GER"]
[EventRounds "9"]
[EventType "swiss"]
[EventDate "2010.05.22"]

1. d4 d5 2. c4 c6 3. Nf3 Nf6 4. Nc3 dxc4 5. a4 Bf5 6. Bg5 Nd5 7. Qd2 Nxc3 8.
Qxc3 Qb6 9. a5 Qb3 10. e3 Qxc3+ 11. bxc3 e6 12. Bxc4 Bd6 13. O-O Nd7 14. Rfe1
h6 15. Bh4 O-O 16. e4 Bg6 17. e5 Bc7 18. Nd2 Rfb8 19. Ne4 b6 20. axb6 Nxb6 21.
Ba6 Nd7 22. Nd6 Rb6 23. c4 c5 24. Nc8 Rb4 25. Ne7+ Kh7 26. Nxg6 Kxg6 27. Bb5
Nb6 28. Be7 Nxc4 29. Bc6 Rc8 30. Bxc5 Rb2 31. Be4+ Kg5 32. Bxa7 Ra8 33. Bxa8
1-0

[Event "DEM U18w 2010"]
[Site "Oberhof GER"]
[Date "2010.05.25"]
[Round "5"]
[White "Wisheckel, Lena"]
[Black "Dorn, Carina"]
[Result "0-1"]
[Termination "normal"]
[Board "8"]
[WhiteElo "1672"]
[BlackElo "1869"]
[PlyCount "52"]
[WhiteFideId "24691992"]
[BlackFideId "24666335"]
[EventCountry "GER"]
[EventRounds "9"]
[EventType "swiss"]
[EventDate "2010.05.22"]

1. e4 e6 2. d4 d5 3. Nc3 Bb4 4. e5 c5 5. Qg4 Ne7 6. dxc5 Bxc3+ 7. bxc3 Ng6 8.
Nf3 Nc6 9. Qh5 Qc7 10. Bb5 Qa5 11. Bxc6+ bxc6 12. Bd2 Ba6 13. c4 Qxc5 14. O-O
Qxc4 15. c3 c5 16. Rfe1 h6 17. g3 Rb8 18. a3 Rb2 19. Be3 O-O 20. Bxh6 gxh6 21.
Qxh6 Qd3 22. Ng5 Nh8 23. Nxe6 fxe6 24. Qxe6+ Rf7 25. Qe8+ Kg7 26. e6 Qf3 0-1

[Event "DEM U18w 2010"]
[Site "Oberhof GER"]
[Date "2010.05.25"]
[Round "5"]
[White "Schöbel, Ulrike"]
[Black "Rolfs, Rebecca"]
[Result "1-0"]
[Termination "normal"]
[Board "9"]
[WhiteElo "1656"]
[BlackElo "1408"]
[PlyCount "81"]
[BlackFideId "24658219"]
[EventCountry "GER"]
[EventRounds "9"]
[EventType "swiss"]
[EventDate "2010.05.22"]

1. c4 e5 2. Nc3 d6 3. g3 Be6 4. d3 Qd7 5. Bg2 Nc6 6. e3 Nf6 7. Nd5 O-O-O 8. Qa4
Kb8 9. b4 Ne7 10. Qb3 Nexd5 11. cxd5 Bg4 12. a4 h5 13. h3 Bf5 14. b5 Rc8 15. e4
Bg6 16. Be3 Qe8 17. a5 Qd8 18. b6 a6 19. bxc7+ Qxc7 20. Nf3 Qc3+ 21. Qxc3 Rxc3
22. O-O Rxd3 23. Ng5 Be7 24. Rfc1 Rc8 25. Ba7+ Kxa7 26. Rxc8 Nd7 27. Rc7 Bxg5
28. Rxd7 Rd4 29. Rb1 Ra4 30. Rbxb7+ Ka8 31. Ra7+ Kb8 32. Rxa6 Ra1+ 33. Kh2 Ra2
34. h4 Bf6 35. Rdxd6 Rxf2 36. Kg1 Rb2 37. Rab6+ Rxb6 38. Rxb6+ Ka7 39. Rb2 Ka6
40. d6 Kxa5 41. d7 1-0

[Event "DEM U18w 2010"]
[Site "Oberhof GER"]
[Date "2010.05.25"]
[Round "5"]
[White "Stoer, Agnes"]
[Black "Falke, Cynthia"]
[Result "0-1"]
[Termination "normal"]
[Board "11"]
[WhiteElo "1877"]
[BlackElo "1672"]
[PlyCount "68"]
[WhiteFideId "1270593"]
[BlackFideId "24600644"]
[EventCountry "GER"]
[EventRounds "9"]
[EventType "swiss"]
[EventDate "2010.05.22"]

1. d4 d5 2. c4 e6 3. Nf3 Nf6 4. Nc3 c5 5. Bg5 dxc4 6. Qa4+ Nc6 7. e3 Bd7 8.
Qxc4 cxd4 9. Nxd4 Be7 10. Rd1 Qb6 11. Nb3 Ne5 12. Qd4 Qxd4 13. exd4 Ng6 14. Na5
b6 15. Nc4 h6 16. Be3 Ng4 17. Bd2 b5 18. Na5 a6 19. Ne4 Rc8 20. Nb7 O-O 21. Bd3
f5 22. Nec5 Bc6 23. f3 Bh4+ 24. Ke2 Nf2 25. Nd6 Rcd8 26. Ncb7 Bxb7 27. Nxb7 Ra8
28. Bb4 Rfe8 29. Nd6 Red8 30. Rc1 Nxh1 31. g3 Nxg3+ 32. hxg3 Bxg3 33. Nb7 Rxd4
34. Bc3 Nf4+ 0-1

[Event "DEM U18w 2010"]
[Site "Oberhof GER"]
[Date "2010.05.26"]
[Round "6"]
[White "Bochis, Julia"]
[Black "Endress, Anna"]
[Result "1-0"]
[Termination "normal"]
[Board "1"]
[WhiteElo "2086"]
[BlackElo "2107"]
[PlyCount "77"]
[WhiteFideId "24647276"]
[BlackFideId "24629472"]
[EventCountry "GER"]
[EventRounds "9"]
[EventType "swiss"]
[EventDate "2010.05.22"]

1. e4 c5 2. Nf3 e6 3. d4 cxd4 4. Nxd4 a6 5. c4 Nf6 6. Nc3 Bb4 7. Bd3 Nc6 8.
Nxc6 dxc6 9. a3 Bc5 10. O-O e5 11. Ne2 O-O 12. b4 Be7 13. Bb2 Qc7 14. Qc2 h6
15. Qc3 Nd7 16. Ng3 Re8 17. Nf5 Bf6 18. c5 Nf8 19. Nd6 Re7 20. Bc4 b5 21. Bb3
Ne6 22. Nxc8 Qxc8 23. Rad1 Raa7 24. Bxe6 Rxe6 25. Rd3 a5 26. Rfd1 axb4 27. axb4
Qa6 28. Ra1 Qb7 29. Rxa7 Qxa7 30. Qa3 Re7 31. Qxa7 Rxa7 32. Ba3 Kf8 33. Kf1 Ke7
34. Ke2 Rd7 35. Rxd7+ Kxd7 36. Bc1 Ke6 37. Kd3 Be7 38. Be3 Bf8 39. g3 1-0

[Event "DEM U18w 2010"]
[Site "Oberhof GER"]
[Date "2010.05.26"]
[Round "6"]
[White "Frey, Alisa"]
[Black "Nguyen Minh, Thuy"]
[Result "0-1"]
[Termination "normal"]
[Board "2"]
[WhiteElo "2049"]
[BlackElo "1895"]
[PlyCount "120"]
[WhiteFideId "24634662"]
[BlackFideId "24672688"]
[EventCountry "GER"]
[EventRounds "9"]
[EventType "swiss"]
[EventDate "2010.05.22"]

1. e4 c5 2. Nf3 d6 3. d4 cxd4 4. Nxd4 Nf6 5. Nc3 a6 6. f3 e5 7. Nb3 Be6 8. Be3
Be7 9. Qd2 O-O 10. O-O-O Nbd7 11. g4 b5 12. g5 b4 13. Ne2 Ne8 14. f4 a5 15. f5
a4 16. fxe6 axb3 17. exf7+ Rxf7 18. Kb1 Rxa2 19. cxb3 Qa8 20. Nc1 Ra1+ 21. Kc2
Qxe4+ 22. Bd3 Qc6+ 23. Bc4 Nc7 24. Rhf1 d5 25. Rxf7 Kxf7 26. Qf2+ Ke8 27. Qg2
Ra6 28. Rxd5 Nxd5 29. Qxd5 Qxd5 30. Bxd5 Bc5 31. Bd2 Rd6 32. Be4 g6 33. Nd3 Rd4
34. Bc6 Bd6 35. Nf2 Rh4 36. Ne4 Ke7 37. Ba8 Rxh2 38. Bd5 Bc5 39. Kd3 Nb6 40.
Bb7 Bd6 41. Nxd6 Kxd6 42. Bxb4+ Kc7 43. Ba6 Rxb2 44. Bc3 Rxb3 45. Kc2 Rxc3+ 46.
Kxc3 Kd6 47. Kd3 Nd7 48. Bc4 Nc5+ 49. Ke3 Ne6 50. Be2 Nxg5 51. Bg4 h5 52. Be2
h4 53. Bf1 h3 54. Kf2 e4 55. Kg3 Ke5 56. Kg4 h2 57. Bg2 e3 58. Kg3 Ne4+ 59. Kf3
Kd4 60. Ke2 Ng3+ 0-1

[Event "DEM U18w 2010"]
[Site "Oberhof GER"]
[Date "2010.05.26"]
[Round "6"]
[White "Mertens, Pauline"]
[Black "Blübaum, Johanna"]
[Result "0-1"]
[Termination "normal"]
[Board "3"]
[WhiteElo "1999"]
[BlackElo "1988"]
[PlyCount "46"]
[WhiteFideId "24671959"]
[BlackFideId "24647373"]
[EventCountry "GER"]
[EventRounds "9"]
[EventType "swiss"]
[EventDate "2010.05.22"]

1. e4 e6 2. d4 d5 3. Nc3 Nf6 4. Bg5 Be7 5. Bxf6 Bxf6 6. Nf3 O-O 7. Qd2 c5 8.
O-O-O c4 9. exd5 exd5 10. Ne5 Nc6 11. f4 Qa5 12. Kb1 Be7 13. Rg1 f6 14. Nf3 Be6
15. g4 b5 16. Ne2 b4 17. c3 bxc3 18. Nxc3 Rab8 19. Ka1 Rb6 20. Bh3 Rfb8 21. Rb1
Nb4 22. Rgc1 Nxa2 23. Nxa2 Qxa2+ 0-1

[Event "DEM U18w 2010"]
[Site "Oberhof GER"]
[Date "2010.05.26"]
[Round "6"]
[White "Mijatovic, Andrea"]
[Black "Stitterich, Nadine"]
[Result "0-1"]
[Termination "normal"]
[Board "4"]
[WhiteElo "1864"]
[BlackElo "1974"]
[PlyCount "104"]
[WhiteFideId "14514524"]
[BlackFideId "24676527"]
[EventCountry "GER"]
[EventRounds "9"]
[EventType "swiss"]
[EventDate "2010.05.22"]

1. e4 c5 2. Nf3 e6 3. d4 cxd4 4. Nxd4 Nc6 5. Nc3 Qc7 6. Be3 a6 7. Bd3 Nf6 8.
O-O Nxd4 9. Bxd4 Bc5 10. Bxc5 Qxc5 11. a4 d6 12. Kh1 h5 13. f4 h4 14. Qf3 Nh5
15. Ne2 Nf6 16. Nc3 Bd7 17. e5 Bc6 18. Be4 Nxe4 19. Nxe4 Bxe4 20. Qxe4 d5 21.
Qd3 Rc8 22. c3 g6 23. Rac1 Qc4 24. Qxc4 Rxc4 25. b3 Re4 26. Rce1 Rxe1 27. Rxe1
h3 28. g3 Ke7 29. Kg1 Rc8 30. Rc1 b5 31. axb5 axb5 32. Kf2 b4 33. c4 dxc4 34.
bxc4 b3 35. Kf3 b2 36. Rb1 Rb8 37. Ke3 Kd7 38. Kd3 Kc6 39. Kd4 Rb3 40. c5 Rb4+
41. Kd3 Kxc5 42. Kc2 Kc4 43. Rxb2 Rxb2+ 44. Kxb2 Kd3 45. Kb3 Ke4 46. Kc3 g5 47.
Kc4 gxf4 48. gxf4 Kxf4 49. Kd4 Kf5 50. Ke3 Kxe5 51. Kf3 f5 52. Kg3 Ke4 0-1

[Event "DEM U18w 2010"]
[Site "Oberhof GER"]
[Date "2010.05.26"]
[Round "6"]
[White "Kinzel, Tiffany"]
[Black "Kirst, Julia"]
[Result "1-0"]
[Termination "normal"]
[Board "5"]
[WhiteElo "1570"]
[BlackElo "1712"]
[PlyCount "73"]
[WhiteFideId "4633741"]
[BlackFideId "12914258"]
[EventCountry "GER"]
[EventRounds "9"]
[EventType "swiss"]
[EventDate "2010.05.22"]

1. Nc3 d6 2. e4 Nf6 3. Bc4 g6 4. f4 Bg4 5. Nf3 Nc6 6. h3 Bxf3 7. Qxf3 Nd4 8.
Qd1 e5 9. d3 Bg7 10. O-O O-O 11. fxe5 dxe5 12. Bg5 Qd6 13. Qd2 Nh5 14. Rf2 c6
15. Ne2 Nxe2+ 16. Qxe2 b5 17. Bb3 a5 18. a3 Nf4 19. Qg4 Ra7 20. Raf1 h6 21. Bh4
h5 22. Qd1 Rd7 23. Kh2 c5 24. Qc1 Kh7 25. g3 Ne6 26. Bf6 Bh6 27. Qe1 Qd4 28.
Qxa5 c4 29. dxc4 Qxe4 30. Qxb5 Rd2 31. Qxe5 Rxf2+ 32. Rxf2 Qc6 33. Be7 Bg7 34.
Qd5 Qc7 35. Bxf8 h4 36. Bd6 hxg3+ 37. Bxg3 1-0

[Event "DEM U18w 2010"]
[Site "Oberhof GER"]
[Date "2010.05.26"]
[Round "6"]
[White "Dorn, Carina"]
[Black "Schöbel, Ulrike"]
[Result "1-0"]
[Termination "normal"]
[Board "6"]
[WhiteElo "1869"]
[BlackElo "1656"]
[PlyCount "57"]
[WhiteFideId "24666335"]
[EventCountry "GER"]
[EventRounds "9"]
[EventType "swiss"]
[EventDate "2010.05.22"]

1. e4 d5 2. exd5 Qxd5 3. Nf3 Bf5 4. Be2 Nf6 5. d4 e6 6. O-O Qa5 7. Nbd2 c6 8.
c4 Be7 9. Ne5 O-O 10. Ndf3 Rd8 11. Bd2 Qb6 12. Bc3 c5 13. Bd3 Bxd3 14. Qxd3 Nc6
15. dxc5 Qxc5 16. Qc2 Nxe5 17. Bxe5 b5 18. Rac1 Rac8 19. b3 Nd7 20. Bd4 Qc7 21.
Qb2 Bf6 22. cxb5 Qf4 23. Rxc8 Rxc8 24. Bxf6 Nxf6 25. Qd4 Qc7 26. Rd1 h6 27. Ne5
Qb7 28. Nc6 Qxb5 29. Ne7+ 1-0

[Event "DEM U18w 2010"]
[Site "Oberhof GER"]
[Date "2010.05.26"]
[Round "6"]
[White "Kölbl, Ines"]
[Black "Voss, Chantal"]
[Result "0-1"]
[Termination "normal"]
[Board "7"]
[WhiteElo "1855"]
[BlackElo "1879"]
[PlyCount "54"]
[WhiteFideId "24697052"]
[BlackFideId "4664906"]
[EventCountry "GER"]
[EventRounds "9"]
[EventType "swiss"]
[EventDate "2010.05.22"]

1. d4 d5 2. Nf3 Nf6 3. c4 c6 4. Nc3 e6 5. Bg5 h6 6. Bh4 dxc4 7. a4 Bb4 8. Qc2
b5 9. axb5 cxb5 10. Bxf6 gxf6 11. e3 Nd7 12. Nd2 Qb6 13. Ndb1 Bb7 14. f3 Ke7
15. Be2 Rhg8 16. O-O a6 17. Kh1 Rg6 18. b3 Rag8 19. Rg1 Bd6 20. Nd2 Bxh2 21.
Kxh2 Qc7+ 22. f4 Rxg2+ 23. Rxg2 Rxg2+ 24. Kh3 Qd8 25. Qd1 Qg8 26. Qe1 Rh2+ 27.
Kxh2 Qg2# 0-1

[Event "DEM U18w 2010"]
[Site "Oberhof GER"]
[Date "2010.05.26"]
[Round "6"]
[White "Müller, Anna-Louise"]
[Black "Sonnhalter, Stella"]
[Result "0-1"]
[Termination "normal"]
[Board "8"]
[WhiteElo "1627"]
[BlackElo "1751"]
[PlyCount "80"]
[WhiteFideId "4633512"]
[BlackFideId "4624815"]
[EventCountry "GER"]
[EventRounds "9"]
[EventType "swiss"]
[EventDate "2010.05.22"]

1. e4 c5 2. Nf3 Nc6 3. d4 cxd4 4. Nxd4 g6 5. Nc3 Bg7 6. Nde2 Nf6 7. g3 O-O 8.
Bg2 Qc7 9. O-O a6 10. a4 d6 11. Nd5 Nxd5 12. exd5 Ne5 13. c3 Bd7 14. h3 b5 15.
axb5 axb5 16. Bg5 Rxa1 17. Qxa1 Bxh3 18. Nd4 Bxg2 19. Kxg2 Rb8 20. Qa6 h6 21.
Be3 Qc4 22. Qa7 Qxd5+ 23. f3 Qb7 24. Qxb7 Rxb7 25. Rd1 b4 26. Kf1 Nc4 27. Bc1
g5 28. Nf5 bxc3 29. bxc3 Bxc3 30. Nxh6+ Kg7 31. Nf5+ Kg6 32. Ne3 Nxe3+ 33. Bxe3
Rd7 34. Rd5 f6 35. Bc5 Be5 36. Be3 e6 37. Rd2 d5 38. Bc5 Bc3 39. Rd3 d4 40. Ke2
e5 0-1

[Event "DEM U18w 2010"]
[Site "Oberhof GER"]
[Date "2010.05.26"]
[Round "6"]
[White "Falke, Cynthia"]
[Black "Erofeev, Anastasia"]
[Result "1-0"]
[Termination "normal"]
[Board "9"]
[WhiteElo "1672"]
[BlackElo "1624"]
[PlyCount "85"]
[WhiteFideId "24600644"]
[BlackFideId "12917915"]
[EventCountry "GER"]
[EventRounds "9"]
[EventType "swiss"]
[EventDate "2010.05.22"]

1. e4 e5 2. Nf3 Nc6 3. Bc4 Bc5 4. d3 h6 5. Nc3 d6 6. h3 Nf6 7. Be3 Bd4 8. Qd2
Be6 9. Bb5 Bb6 10. a3 O-O 11. O-O Ne7 12. d4 c6 13. dxe5 dxe5 14. Bd3 Ng6 15.
Na4 Bxe3 16. Qxe3 b6 17. Kh2 Qc8 18. Nc3 Re8 19. Ne2 Bd7 20. Rad1 Nh5 21. Bc4
Nhf4 22. Nxf4 Nxf4 23. Nxe5 Rxe5 24. Qxf4 Re7 25. Rd3 Be6 26. Bxe6 Qxe6 27. f3
Rf8 28. Qd6 Qe5+ 29. Qxe5 Rxe5 30. Rd7 a5 31. Rfd1 Rc5 32. R1d2 Kh7 33. Rb7 b5
34. c3 Rg5 35. Rd6 Rg6 36. Rxg6 fxg6 37. Rc7 Rf6 38. Rd7 Re6 39. Kg3 h5 40. Kf4
Kh6 41. e5 Re8 42. Rc7 Rf8+ 43. Ke3 1-0

[Event "DEM U18w 2010"]
[Site "Oberhof GER"]
[Date "2010.05.26"]
[Round "6"]
[White "Rolfs, Rebecca"]
[Black "Wisheckel, Lena"]
[Result "0-1"]
[Termination "normal"]
[Board "10"]
[WhiteElo "1408"]
[BlackElo "1672"]
[PlyCount "74"]
[WhiteFideId "24658219"]
[BlackFideId "24691992"]
[EventCountry "GER"]
[EventRounds "9"]
[EventType "swiss"]
[EventDate "2010.05.22"]

1. e4 c5 2. Nf3 d6 3. Bc4 Nf6 4. d3 e6 5. a3 a6 6. Bg5 Be7 7. Nbd2 O-O 8. O-O
Nc6 9. Re1 b5 10. Ba2 Bb7 11. Nf1 Re8 12. Ng3 h6 13. Bd2 Qc7 14. Qe2 Rad8 15.
h3 Nd7 16. Nh2 d5 17. Nh5 Nf6 18. Nxf6+ Bxf6 19. Rab1 Nd4 20. Qd1 dxe4 21. dxe4
Be5 22. Ng4 Bf4 23. Bxf4 Qxf4 24. f3 Rd6 25. c3 Nc6 26. Qe2 Red8 27. Qe3 Qg3
28. Qf2 Qxf2+ 29. Kxf2 h5 30. Ne3 Ne5 31. Kg1 Kf8 32. Re2 Ke7 33. Kf2 Nd3+ 34.
Kg3 f6 35. f4 Bxe4 36. Bb3 Nxf4 37. Rg1 Nxe2+ 0-1

[Event "DEM U18w 2010"]
[Site "Oberhof GER"]
[Date "2010.05.26"]
[Round "6"]
[White "Kohm, Vanessa"]
[Black "Stoer, Agnes"]
[Result "1-0"]
[Termination "normal"]
[Board "11"]
[WhiteElo "1768"]
[BlackElo "1877"]
[PlyCount "45"]
[WhiteFideId "4674472"]
[BlackFideId "1270593"]
[EventCountry "GER"]
[EventRounds "9"]
[EventType "swiss"]
[EventDate "2010.05.22"]

1. d4 Nf6 2. c4 Nc6 3. Nc3 e5 4. d5 Ne7 5. e4 Ng6 6. Nf3 Bb4 7. Qc2 O-O 8. Bd2
d6 9. h3 Nh5 10. a3 Bxc3 11. Bxc3 f5 12. g3 fxe4 13. Qxe4 Rf7 14. O-O-O Qf8 15.
Bg2 Rb8 16. Rd2 b5 17. cxb5 Rxb5 18. Ng5 Re7 19. Qe2 Qe8 20. Qxh5 h6 21. Ne4
Bb7 22. Rhd1 Qf7 23. Qf3 1-0

[Event "DEM U18w 2010"]
[Site "Oberhof GER"]
[Date "2010.05.27"]
[Round "7"]
[White "Endress, Anna"]
[Black "Blübaum, Johanna"]
[Result "1-0"]
[Termination "normal"]
[Board "1"]
[WhiteElo "2107"]
[BlackElo "1988"]
[PlyCount "105"]
[WhiteFideId "24629472"]
[BlackFideId "24647373"]
[EventCountry "GER"]
[EventRounds "9"]
[EventType "swiss"]
[EventDate "2010.05.22"]

1. e4 e6 2. Nf3 d5 3. Nc3 Nf6 4. e5 Nfd7 5. d4 c5 6. dxc5 Nc6 7. Bf4 Bxc5 8.
Bd3 f6 9. exf6 Nxf6 10. Qe2 O-O 11. O-O-O Bd7 12. Kb1 a6 13. Ne5 Nxe5 14. Bxe5
b5 15. g4 Be8 16. g5 Bh5 17. f3 Ne8 18. Qg2 g6 19. Rhf1 Bd6 20. Bxd6 Qxd6 21.
Rde1 Ng7 22. Ne2 Ra7 23. Nd4 Re7 24. Qg3 Rd8 25. Qe5 Qxe5 26. Rxe5 Rd6 27. Rfe1
Kf7 28. Kc1 Re8 29. Kd2 Rc8 30. c3 Ke7 31. Bf1 Kd7 32. Bh3 Re8 33. f4 Re7 34.
f5 gxf5 35. Bxf5 Bg6 36. Bg4 Be4 37. Bf3 Bxf3 38. Nxf3 Rf7 39. Nd4 Rf2+ 40.
R1e2 Rf4 41. Ke3 Rh4 42. Kf3 Rh3+ 43. Kg4 Rd3 44. a3 Rb6 45. h4 Rd1 46. Re1 Rd2
47. R5e2 Rxe2 48. Rxe2 Rb8 49. h5 Re8 50. h6 Nf5 51. Nxf5 exf5+ 52. Kf3 Rf8 53.
Kf4 1-0

[Event "DEM U18w 2010"]
[Site "Oberhof GER"]
[Date "2010.05.27"]
[Round "7"]
[White "Kinzel, Tiffany"]
[Black "Bochis, Julia"]
[Result "0-1"]
[Termination "normal"]
[Board "2"]
[WhiteElo "1570"]
[BlackElo "2086"]
[PlyCount "56"]
[WhiteFideId "4633741"]
[BlackFideId "24647276"]
[EventCountry "GER"]
[EventRounds "9"]
[EventType "swiss"]
[EventDate "2010.05.22"]

1. d4 Nf6 2. e3 c5 3. Bd3 d5 4. c3 e6 5. Nd2 Nc6 6. f4 Bd6 7. Qf3 Qe7 8. Qg3
Bd7 9. Ngf3 cxd4 10. cxd4 Nb4 11. Bb1 Bb5 12. Ne5 O-O 13. a3 Rac8 14. Kf2 Nc2
15. Ra2 Rc7 16. Kf3 Rfc8 17. Bxc2 Rxc2 18. Ra1 Ne4 19. Qe1 Bxe5 20. fxe5 f6 21.
a4 Bd3 22. Rg1 fxe5 23. Nxe4 Bxe4+ 24. Kg4 Bf5+ 25. Kf3 e4+ 26. Kf4 g5+ 27. Ke5
Qg7+ 28. Kd6 R8c6# 0-1